MARC
| LEADER | 00000nam a2200000Ia 4500 | ||
|---|---|---|---|
| 005 | 20260427112712.0 | ||
| 526 | |b Data Science | ||
| 100 | |a Anil Maheshwari | ||
| 020 | |a 9789355324559 | ||
| 650 | |a Analytics | ||
| 526 | |a Bachelors | ||
| 942 | |c BK | ||
| 245 | |a Data Analytics Made Accessible | ||
| 260 | |b MGH | ||
| 999 | |c 85 |d 85 | ||
| 952 | |0 0 |1 0 |4 0 |7 0 |8 2 |a BRISTOL |b BRISTOL |d 2026-04-22 |l 0 |p 000078 |r 2026-04-27 11:27:12 |w 2026-04-27 |y BK | ||